1837 1490 1033 1740 1377 1728 1749 1218 1590 1729 1215 1446 1359 1725 1505 1512 1847 1907 1261 1040 1322 1986 1444 1257 1292 1692 1113 1224 1494 1383 1484 1340 1898 1211 1894 1796 1019 1285 1987 1499 1530 1785 1329 1116 1958 1822 1394 1773 1409 1450 1235 1517 1028 1720 1346 1292 1409 1519 1086 1560 1134 1486 1545 1820 1243 1257 1516 1734 1577 1558 1671 1799 1928 1818 1954 1058 1760 1617 1804 1259 1706 1525 1291 1765 1712 1791 1173 1462 1909 1115 1657 1951 1718 1723 1003 1567 1499 1931 1350 BCNSPRNW ULIB Ver.6.0+V

เปลี่ยนเป็นภาษาไทย

Change to English
 แสดงรายละเอียดบรรณานุกรม
  กลับหน้าหลัก

Brief Record : Get Marc (ISO 2709) : E-mail record : QR code < ปิดหน้าต่าง
LEADER : 00000nam 2200000uu 4500
001    13399123054
003     ULIB
008    131212s||||||||th 000 0 tha d
099    ^aวจ.WM172^bส875ป
100 0  ^aสุวรรณี สร้อยสงค์, อังคณา เรือนก้อน และรณภพ อิ้มทับ
245 00 ^aปัจจัยที่มีความสัมพันธ์กับแรงจูงใจใฝ่สัมฤทธิ์ในการสอบขึ้นทะเบียนประกอบวิชาชีพการพยาบาลและผดุงครรภ์ของนักศึกษาพยาบาล วิทยาลัยพยาบาลบรมราชชนนี พุทธชินราช/^cสุวรรณี สร้อยสงค์, อังคณา เรือนก้อน และรณภพ อิ้มทับ
260    ^aพิษณุโลก :^bวิทยาลัยพยาบาลบรมราชชนนี พุทธชินราช,^c2556
300    ^a76 แผ่น
650  7 ^aวิทยาลัยพยาบาลบรมราชชนนี พุทธชินราช
650  7 ^aวิชาชีพพยาบาล
650  7 ^aการสอบขึ้นทะเบียนประกอบวิชาชีพกาพยาบาลและผดุงครรภ์^xวิจัย
650  7 แรงจูงใจ^xวิจัย
700 0  ^aอังคณา เรือนก้อน
700 0  ^aรณภพ อิ้มทับ
945    ^p0^l0^i034253
999    ^aกมลทิพย์ ธนสารสุธี
รายการนี้ยังไม่มีแท็ก
คุณยังไม่ได้ล็อกอิน คุณสามารถมีกิจกรรมร่วมกับเว็บไซต์ได้ แต่ต้องล็อกอินก่อน ::
  ล็อกอิน

รายการสื่อสารสนเทศ

ลำดับที่ ประเภท เลขเรียก/บาร์โค้ด สถานที่ สถานะ
1. งานวิจัย
งานวิจัย
วจ.WM172 ส875ป  
  Barcode: 034253
ห้องสมุดวิทยาเขตสวรรค์ประชารักษ์
►วิจัย
บนชั้น

รายการใกล้เคียง
    หัวเรื่อง [วิทยาลัยพยาบาลบรมราชชนนี พุทธชินราช]
    หัวเรื่อง [วิชาชีพพยาบาล]

BibComment


ยังไม่เคยถูกคอมเมนท์

คอมเมนท์ทรัพยากรรายการนี้
  คอมเมนท์: ปัจจัยที่มีความส..


 Copyright 2026. Bcnsprnw @Library